[Event "89th UKR-ch"]
[Site "Omelnyk UKR"]
[Date "2020.11.26"]
[Round "9.6"]
[White "Solodovnichenko, Yuri"]
[Black "Mosesov, Danyil"]
[WhiteElo "2544"]
[BlackElo "2391"]
[Result "1-0"]
[EventDate "2020.11.18"]
[PlyCount "135"]

1. e4 c5 2. Nf3 e6 3. d4 cxd4 4. Nxd4 Nc6 5. Nc3 Qc7 6. Be3 a6 7. a3 b5 8. Nxc6 Qxc6 9. Be2 Bb7 10. O-O Qc7 11. Qd4 Rc8 12. Rfd1 Nf6 13. e5 Nd5 14. Nxd5 Bxd5 15. a4 Bc4 16. Bf3 Bc5 17. Qxc5 Qxc5 18. Bxc5 Rxc5 19. b3 Bd5 20. Bxd5 exd5 21. axb5 Rxb5 22. Rxa6 Ke7 23. g4 Rc8 24. Rd2 Rc6 25. Ra7 Rc3 26. Kg2 Rbc5 27. Ra2 g5 28. h3 Ke6 29. Re2 d4 30. Ra6+ Rc6 31. Ra4 Rxc2 32. Rxc2 Rxc2 33. Rxd4 Rb2 34. Rd6+ Kxe5 35. Rxd7 f6 36. Re7+ Kd6 37. Re3 h6 38. Rf3 Ke6 39. Re3+ Kd5 40. Kg3 Rc2 41. Rf3 Ke6 42. Kg2 Rc1 43. Re3+ Kd6 44. Kf3 Kd5 45. Ke2 Rc2+ 46. Ke1 Rb2 47. Kf1 Rb1+ 48. Kg2 Kd6 49. Kg3 Kd5 50. Rc3 Rg1+ 51. Kf3 Rb1 52. Ke3 Rb2 53. f4 h5 54. gxh5 Rh2 55. Rd3+ Ke6 56. Kd4 gxf4 57. b4 Kf5 58. h6 Re2 59. b5 Re4+ 60. Kc5 Re8 61. b6 Ke4 62. Rd6 Kf5 63. b7 f3 64. Rd2 Ke4 65. Kb6 Ke3 66. Rc2 f2 67. Rxf2 Kxf2 68. Ka7 1-0

[Event "89th UKR-ch"]
[Site "Omelnyk UKR"]
[Date "2020.11.26"]
[Round "9.7"]
[White "Borsuk, Kostyantyn"]
[Black "Osmak, Iulija"]
[WhiteElo "2401"]
[BlackElo "2438"]
[Result "1/2-1/2"]
[EventDate "2020.11.18"]
[PlyCount "57"]

1. d4 Nf6 2. c4 g6 3. Nc3 d5 4. cxd5 Nxd5 5. e4 Nxc3 6. bxc3 Bg7 7. Nf3 c5 8. Be2 O-O 9. Be3 b6 10. O-O Bb7 11. Qd3 cxd4 12. cxd4 Nc6 13. Rac1 e6 14. Rfd1 Qd6 15. d5 exd5 16. Qxd5 Qc7 17. Qd7 Qxd7 18. Rxd7 Na5 19. e5 Rfd8 20. Rcc7 Rxd7 21. Rxd7 Bc6 22. Rc7 Bd5 23. a3 Nc6 24. e6 fxe6 25. Ng5 Bf6 26. Nf7 h5 27. Nh6+ Kh8 28. Nf7+ Kg8 29. Nh6+ 1/2-1/2

[Event "89th UKR-ch"]
[Site "Omelnyk UKR"]
[Date "2020.11.26"]
[Round "9.8"]
[White "Solovchuk, Oleksiy"]
[Black "Peng, Li Min"]
[WhiteElo "2301"]
[BlackElo "2428"]
[Result "0-1"]
[EventDate "2020.11.18"]
[PlyCount "100"]

1. c4 Nf6 2. d4 g6 3. Nc3 Bg7 4. Nf3 O-O 5. g3 d6 6. Bg2 Nc6 7. O-O Bf5 8. d5 Na5 9. Nd2 c6 10. b4 Nxd5 11. cxd5 Bxc3 12. e4 Bxe4 13. Nxe4 Bxa1 14. Bh6 Bg7 15. Bxg7 Kxg7 16. bxa5 Qxa5 17. Qd4+ Kg8 18. dxc6 bxc6 19. h4 Rab8 20. Qe3 Kg7 21. Ng5 h6 22. Nh3 e5 23. Bxc6 Qxa2 24. h5 Rb1 25. Rxb1 Qxb1+ 26. Kg2 Qb6 27. Qf3 a5 28. Ng1 Qd4 29. Ne2 Qd1 30. hxg6 fxg6 31. Qe4 Qe1 32. f4 Qb4 33. Qe3 Qc5 34. Qxc5 dxc5 35. fxe5 Rf5 36. e6 Re5 37. Nf4 c4 38. Kf3 g5 39. Ne2 Kf6 40. Nd4 c3 41. Ba4 h5 42. Ne2 Rc5 43. Ke3 Kxe6 44. Kd3 h4 45. gxh4 gxh4 46. Nxc3 h3 47. Ne4 h2 48. Nxc5+ Kd5 49. Nb3 h1=Q 50. Nxa5 Qe4+ 0-1

[Event "89th UKR-ch"]
[Site "Omelnyk UKR"]
[Date "2020.11.26"]
[Round "9.9"]
[White "Babiy, Olga"]
[Black "Onyshchuk, Volodymyr"]
[WhiteElo "2271"]
[BlackElo "2633"]
[Result "0-1"]
[EventDate "2020.11.18"]
[PlyCount "102"]

1. e4 d6 2. d4 Nf6 3. Nc3 g6 4. f4 Bg7 5. Nf3 O-O 6. Bd3 Na6 7. O-O c5 8. d5 Bg4 9. Bc4 Nc7 10. h3 Bxf3 11. Qxf3 a6 12. a4 b6 13. Qd3 Qc8 14. Ra3 Qb7 15. Rb3 Rad8 16. Qe2 e6 17. Rd1 exd5 18. Nxd5 Nfxd5 19. Bxd5 Nxd5 20. Rxd5 Rfe8 21. Qf3 Qc6 22. e5 Qxa4 23. Qd1 Qc6 24. Rbd3 Re6 25. g4 b5 26. Be3 c4 27. Rxd6 Rdxd6 28. Rxd6 Rxd6 29. exd6 Bf6 30. g5 Bd8 31. Kf2 f6 32. Qd4 Qb7 33. gxf6 Kf7 34. d7 Qc6 35. Kg3 Qxf6 36. Qd5+ Qe6 37. Qd2 h5 38. Bc5 Qc6 39. Qd4 Ke6 40. Qe5+ Kxd7 41. Qd4+ Kc8 42. Bd6 h4+ 43. Kh2 Qf3 44. Be5 Qg3+ 45. Kh1 Qxh3+ 46. Kg1 Qg3+ 47. Kh1 Qf3+ 48. Kh2 h3 49. Qg1 g5 50. Qg3 Qxg3+ 51. Kxg3 g4 0-1